Kríza v eurozóne alebo kríza eurozóny?

Podstata teórie optimálnej menovej oblasti. Od reálnej konvergencie k divergencii. Cyklický vývoj krajín jadra a periférie eurozóny. Vývoj HD vo vybraných krajinách Európskej menovej únie.

Enregistré dans:
Détails bibliographiques
Auteur principal: Fifeková, Elena
Format: Chapitre de livre
Langue:slovaque
Sujets:
Tags: Ajouter un tag
Pas de tags, Soyez le premier à ajouter un tag!

MARC

LEADER 00000naa a2200000 4500
001 0167129
005 20240502072919.5
041 0 |a slo 
044 |a SK 
245 1 0 |a Kríza v eurozóne alebo kríza eurozóny?  |c Elena Fifeková 
520 |a Podstata teórie optimálnej menovej oblasti. Od reálnej konvergencie k divergencii. Cyklický vývoj krajín jadra a periférie eurozóny. Vývoj HD vo vybraných krajinách Európskej menovej únie. 
610 2 0 |a kríza hospodárska 
610 2 0 |a eurozóna 
610 2 0 |a rast hospodársky 
610 2 0 |a politika menová 
610 2 0 |a výkonnosť ekonomiky 
610 2 0 |a konvergencia 
610 2 0 |a divergencia 
610 2 0 |a cykly hospodárske 
610 2 0 |a oblasti menové 
100 1 |a Fifeková, Elena